000 00305nam a22001337a 4500
008 170818b xxu||||| |||| 00| 0 eng d
020 _a3211821074
041 _ager
080 _a51
100 _a37
101 _aMAT
245 _aMATHEMATIK FUR WIRTSCHAFTSINFORMATIKER
_cDORNINGER,D
942 _2udc
_cBK
999 _c24069
_d24069